000 00276nam a22001217a 4500
008 170818b xxu||||| |||| 00| 0 eng d
041 _aeng
080 _a51
100 _a37
101 _aMAT
245 _aELEMENTARY ALGEBRA FOR COLLEGE STUDENT
_cANGEL,A.R
942 _2udc
_cBK
999 _c24083
_d24083